Biggest Cities Starting with G by Country - Statistics

General Stats
  • This quiz has been taken 177 times
  • The average score is 28 of 157
Answers on the Map
Answers color-coded by a green-red scale on the quiz's map according to % correct below.
 
Answer Stats
Country City Population % Correct
United Kingdom Glasgow 629,920
97%
China Guangzhou 12,874,400
87%
Italy Genoa 574,090
85%
Mexico Guadalajara 1,539,900
85%
Poland Gdańsk 470,907
82%
Sweden Gothenburg 579,281
82%
Guatemala Guatemala City 923,392
82%
Switzerland Geneva 203,951
81%
South Africa George 157,397
79%
Kuwait Granada 8,752
77%
Nicaragua Granada 102,872
77%
Spain Granada 233,648
77%
Bahamas George Town 1,437
76%
Guyana Georgetown 118,369
76%
Malaysia George Town 181,380
76%
Saint Vincent Georgetown 1,700
76%
Egypt Giza 4,212,750
74%
Ecuador Guayaquil 2,278,691
71%
Belgium Ghent 263,927
68%
Australia Gold Coast 600,334
68%
Austria Graz 291,072
67%
Botswana Gaborone 231,592
62%
Netherlands Groningen 213,705
60%
Suriname Groningen 2,818
60%
United States Greensboro 296,710
59%
France Grenoble 157,650
57%
Turkey Gaziantep 1,667,546
54%
Ireland Galway 79,504
53%
Belarus Gomel 510,300
48%
Brazil Goiânia 1,530,290
45%
Burundi Gitega 41,944
44%
Russia Grozny 305,911
39%
Maldives Gan 3,080
38%
Cuba Guantánamo 215,086
36%
Germany Gelsenkirchen 259,645
33%
Pakistan Gujranwala 2,027,001
32%
South Korea Gwangju 1,480,293
32%
Hungary Győr 132,038
25%
Azerbaijan Ganja 328,400
24%
D. R. Congo Goma 249,862
24%
Romania Galați 249,432
22%
Canada Guelph 132,397
22%
New Zealand Gisborne 37,000
19%
Armenia Gyumri 112,400
17%
Ethiopia Gondar 323,900
16%
Philippines General Santos 474,395
14%
India Ghaziabad 2,375,820
13%
Indonesia Gorontalo 173,951
13%
Mali Gao 86,353
12%
Cameroon Garoua 235,996
10%
Japan Gifu 402,537
9%
Haiti Gonaïves 228,725
9%
Sri Lanka Galle 86,333
8%
Colombia Girón 152,600
8%
Iran Gorgan 350,676
8%
Portugal Guimarães 47,588
8%
Tunisia Gabès 130,984
6%
Rwanda Gisenyi 136,830
6%
Kosovo Gjilan 54,239
6%
Nigeria Gombe 163,604
6%
Georgia Gori 46,000
6%
Bulgaria Gabrovo 51,217
5%
Peru Guadalupe 24,100
5%
Sao Tome and Principe Guadalupe 3,326
5%
Zimbabwe Gweru 154,825
5%
Bangladesh Gazipur 179,037
4%
Algeria Ghardaïa 142,913
4%
Albania Gjirokastër 19,836
4%
Kenya Garissa 163,399
3%
Niger Gaya 45,465
3%
Greece Giannitsa 29,789
3%
Denmark Grenaa 14,251
3%
Luxembourg Grevenmacher 4,936
3%
Argentina Gualeguaychú 92,800
3%
Morocco Guelmim 118,318
3%
Malta Gżira 12,816
3%
Guinea-Bissau Gabu 43,556
2%
Ivory Coast Gagnoa 160,465
2%
Slovakia Galanta 14,990
2%
Lithuania Gargždai 14,394
2%
Liberia Gbarnga 56,986
2%
Libya Gharyan 170,000
2%
Jordan Ghor es-Safi 27,304
2%
Solomon Islands Gizo 5,000
2%
Norway Gjøvik 30,560
2%
Benin Godomey 253,262
2%
North Macedonia Gostivar 37,080
2%
Costa Rica Guápiles 38,800
2%
Dominican Republic Guayubín 60,934
2%
Guinea Guéckédou 62,372
2%
Uganda Gulu 177,400
2%
Angola Gabela 116,903
1%
Somalia Galkayo 137,667
1%
Liechtenstein Gamprin 1,690
1%
Burkina Faso Gaoua 45,189
1%
Iceland Garðabær 14,276
1%
Ghana Gbawe 69,356
1%
Tanzania Geita 99,795
1%
Cyprus Germasógeia 13,421
1%
Eritrea Ghinda 15,539
1%
Sierra Leone Goderich 19,209
1%
Serbia Gornji Milanovac 24,216
1%
Papua New Guinea Goroka 22,830
1%
Croatia Gospić 6,575
1%
Grenada Gouyave 3,378
1%
Bosnia and Herzegovina Gradiška 13,691
1%
Seychelles Grand'Anse Praslin 3,910
1%
Chile Graneros 28,737
1%
Jamaica Grange Hill 6,922
1%
Slovenia Grosuplje 7,703
1%
Venezuela Guarenas 244,600
1%
Bolivia Guayaramerín 35,803
1%
El Salvador Guazapa 14,227
1%
Uruguay Guichón 5,039
1%
Belize Guinea Grass 3,218
1%
Gambia Gunjur 18,946
1%
Mozambique Gurué 145,466
1%
F. S. Micronesia Gagil 863
0%
Gabon Gamba 10,454
0%
Republic of the Congo Gamboma 18,514
0%
Central African Republic Gamboula 13,048
0%
Trinidad and Tobago Gasparillo 9,925
0%
Samoa Gataivai 1,118
0%
Bhutan Gelephu 9,858
0%
Oman Ghadfan 5,561
0%
Tajikistan Ghafurov 20,600
0%
Syria Gharanij 23,009
0%
Yemen Ghayl Ba Wazir 21,259
0%
Sudan Ghubaysh 22,733
0%
Afghanistan Ghurian 40,100
0%
Vietnam Gia Rai 52,287
0%
Israel Giv'atayim 60,644
0%
East Timor Gleno 8,133
0%
Comoros Gnambo Mouro 2,601
0%
Namibia Gobabis 19,101
0%
Madagascar Gogogogo 1,000
0%
Czech Republic Golčův Jeníkov 2,680
0%
Montenegro Golubovci 3,110
0%
Mauritius Goodlands 21,054
0%
Chad Goz Beïda 41,248
0%
Dominica Grand Bay 2,288
0%
Saint Lucia Grande Rivière 2,031
0%
Moldova Grigoriopol 9,381
0%
Panama Guabito 8,387
0%
Honduras Guaimaca 19,950
0%
Taiwan Guanxi 28,055
0%
Paraguay Guarambaré 20,700
0%
Togo Guérin-Kouka 9,570
0%
Mauritania Guerou 22,223
0%
Senegal Guinguinéo 16,386
0%
Nepal Gulariya 57,232
0%
Latvia Gulbene 7,199
0%
Kyrgyzstan Gulcha 11,691
0%
Uzbekistan Guliston 90,398
0%
Turkmenistan Gumdag 27,408
0%
Zambia Gwembe 2,052
0%
Myanmar Gyobingauk 22,947
0%
No matching quizzes found
Score Distribution
Percent of People with Each Score
Percentile by Number Answered
Your Score History
You have not taken this quiz